00359pab a2200133 454500008004000000100001900040245006800059260000900127300001400136362000800150650001600158700002100174773003000195180718b2006 xxu||||| |||| 00| 0 eng d aCaduff, Ladina aManaging risk and regulation in European food safety governance c2006 ap.153-68. aJan aFood supply aBernauer, Thomas aReview of Policy Research